000 00482nam a2200169 i 4500
001 51646
003 ES-MaACL
005 20230906162412.0
007 t|
008 030814s1923 fr ||||1| fre d
100 1 _aChâteaubriant, Alphonse de.
_9197050
245 1 3 _aLa brière
_b: román /
_cAlphonse de Châteaubriant.
260 _aParis :
_b[s.n.,
_c1923] (
_fImp. Artistique Luse)
300 _a424 p. ;
_c19 cm.
852 _aES-MaACL
_jF-5338
_bR.4747
999 _c51646
_d51646